| 000 | 00604nam a2200229 a 4500 | ||
|---|---|---|---|
| 999 |
_c533 _d533 |
||
| 001 | 533 | ||
| 003 | BD-JhCC | ||
| 005 | 20171011103705.0 | ||
| 008 | 171005b uka|||| |||| 000 0 eng d | ||
| 020 | _a0850520630 | ||
| 035 | _a(BD-JhCC) 533 | ||
| 040 |
_aBD-JhCC _dBD-JhCC |
||
| 041 | _aeng | ||
| 082 |
_a942.0840924 _bPYM 1971 |
||
| 100 | _aPyman, General Sir Harold E | ||
| 245 |
_aCall to Arms / _cGeneral Sir Harold E. Pyman |
||
| 260 |
_aLondon : _bLeo Cooper, _c1971. |
||
| 300 |
_a140 p. : _c22 cm. _bill. ; |
||
| 650 |
_aArmy _zGreat Briten |
||
| 942 |
_2ddc _cBK |
||